বৃহৎ বঙ্গ : সুপ্রাচীন কাল হইতে পলাশীর যুদ্ধ পর্যন্ত, দ্বিতীয় খণ্ড /

Chi tiết về thư mục
Tác giả chính: সেন, দীনেশ চন্দ্র
Định dạng: Sách
Ngôn ngữ:Bengali
Được phát hành: কলকাতা : দে'জ পাবলিশিং, ১৯৩৫ [চতুর্থ সংস্করণ ২০১৬].
Phiên bản:চতুর্থ সংস্করণ
Những chủ đề:
Classic Catalogue: View this record in Classic Catalogue
LEADER 01548nam a22002897a 4500
001 40563
003 BD-DhAAL
008 230116r20161935ii a|||| |||| 00| 0 ben d
020 |a 9788129526748 
040 |a BD-DhAAL  |c BD-DhAAL 
041 |a ben 
082 |a 954.14 
100 |a সেন, দীনেশ চন্দ্র  |9 53378 
245 |a বৃহৎ বঙ্গ :  |b সুপ্রাচীন কাল হইতে পলাশীর যুদ্ধ পর্যন্ত,  |n দ্বিতীয় খণ্ড /  |c দীনেশ চন্দ্র সেন 
246 |a History of Bengal :  |b from ancient time to 1757 
250 |a চতুর্থ সংস্করণ 
260 |a কলকাতা :  |b দে'জ পাবলিশিং,  |c ১৯৩৫ [চতুর্থ সংস্করণ ২০১৬]. 
300 |a ১২১৫ পৃষ্ঠা ;  |c ২২ সে.মি. 
362 |a দ্বিতীয় খণ্ড 
526 |a GenEd 
541 |a Development Book Agency  |e 40563, 40564 
651 |a Bengal (India)  |2 Civilization. 
852 |a Ayesha Abed Library  |c General Stacks 
942 |2 ddc  |c BK 
999 |c 45265  |d 45265 
952 |0 0  |1 0  |2 ddc  |4 0  |6 954_140000000000000_SEN  |7 0  |9 72633  |a SCL  |b SCL  |c GEN  |d 2023-01-04  |e Development Book Agency  |g 850.00  |l 0  |o 954.14 SEN  |p 3020040564  |r 2023-01-04  |t 2  |v 850.00  |w 2023-01-04  |y BK 
952 |0 0  |1 0  |2 ddc  |4 0  |6 954_140000000000000_SEN  |7 0  |9 72634  |a SCL  |b SCL  |c GEN  |d 2023-01-04  |e Development Book Agency  |g 850.00  |l 1  |o 954.14 SEN  |p 3020040563  |r 2025-07-20  |s 2025-07-19  |t 1  |v 850.00  |w 2023-01-04  |y BK